Score 0/11 Timer 02:00
2 Plays Today
Hint Answer % Correct
RNUBBurn
97.9%
FORORoof
97.4%
NEIHSShine
92.9%
TOSPSpot
90.9%
EHTBABathe
90%
DSRSEDress
86.9%
KAREBBreak
80.6%
SESASLGGlasses
76.2%
ENERCSScreen
69.9%
KOETSRStroke
62.1%
Word in common with all the above:Sun
52.3%
Remove Ads.
Support Sporcle.
Get the best of Sporcle when you Go Orange. This ad-free experience offers more features, more stats, and more fun while also helping to support Sporcle. Thank you for becoming a member.

You're not logged in!

Compare scores with friends on all Sporcle quizzes.
OR
Log In

Show Comments

Extras

Top Quizzes Today


Score Distribution

Your Account Isn't Verified!

In order to create a playlist on Sporcle, you need to verify the email address you used during registration. Go to your Sporcle Settings to finish the process.

Report this User

Report this user for behavior that violates our Community Guidelines.

Details: